Statistics for American Countries by Military Strenght

Click here to take the quiz!

General Stats

  • This quiz has been taken 24 times
  • The average score is 20 of 21

Answer Stats

PwrIndx##Country% Correct
0.609140AArgentina
100%
0.169510BBrazil
100%
0.360123CCanada
100%
0.816954CChile
100%
0.643844CColombia
100%
1.224670CCuba
100%
1.123568EEcuador
100%
2.6873110HHonduras
100%
0.642343MMexico
100%
2.242191UUruguay
100%
0.666445VVenezuela
100%
2.4526103GGuatemala
96%
5.0255133PPanama
96%
0.745350PPeru
96%
0.04531UUnited States
96%
1.570882BBolivia
91%
2.6558109PParaguay
91%
3.5349120DDominican Republic
87%
3.7337122NNicaragua
83%
4.3558127EEl Salvador
78%
7.4234136SSuriname
78%

Score Distribution

Percentile by Number Answered

Percent of People with Each Score

Your Score History

You have not taken this quiz